000 01215nam a2200349 i 4500
003 EG-ScBUE
005 20240930103301.0
008 150622t2015 enka f 001 0 eng d
020 _a9781292062327
020 _a1292062320
040 _aEG-ScBUE
_beng
_erda
_cEG-ScBUE
_dEG-ScBUE
082 0 4 _a515
_bBRI
_222
100 1 _aBriggs, William L.,
_eauthor.
_938248
245 1 0 _aCalculus /
_cWilliam Briggs, University of Colorado, Denver, Lyle Cochran, Whitworth University Bernard Gillett, University of Colorado, Boulder ; assistance of Eric Schulz, Walla Walla Community College.
250 _aSecond edition.
250 _aGlobal ed.ition.
264 1 _aHarlow :
_bPearson Education Limited,
_c[2015]
264 4 _cc2015
300 _a1305 pages :
_billustrations (some color) ;
_c28 cm
336 _2rdacontent
_atext
_btxt
337 _2rdamedia
_aunmediated
_bn
338 _2rdacarrier
_avolume
_bnc
500 _aIncludes index.
650 7 _aCalculus.
_2BUEsh
651 _2BUEsh
653 _bBUSECO
_cJune2015
_cJuly2015
655 _vReading book
700 1 _aGillett, Bernard,
_eauthor.
700 1 _aCochran, Lyle,
_eauthor.
700 1 _aSchulz, Eric,
_eeditor.
942 _2ddc
_cBB
999 _c19820
_d19792